| 000 | 00570nam a2200217Ia 4500 | ||
|---|---|---|---|
| 003 | OSt | ||
| 005 | 20220924134032.0 | ||
| 006 | a|||||r|||| 00| 0 | ||
| 007 | ta | ||
| 008 | 220923b |||||||| |||| 00| 0 snd d | ||
| 024 | _a271912 | ||
| 037 | _cTextual | ||
| 040 |
_aARTS _cARTS _bsnd |
||
| 041 |
_2snd _asnd |
||
| 082 | _aO15,1A1y8, 1593[H5] | ||
| 100 |
_aTahilisingh Gurudinomal _9207948 |
||
| 245 | 0 | _aRamayan maan Ratan | |
| 260 | _c1955 | ||
| 942 |
_hO15,1A1y8, 1593[H5] _cTEXL _2CC |
||
| 999 |
_c436201 _d436201 |
||